| 000 | 00607nam a22001697a 4500 | ||
|---|---|---|---|
| 003 | NUST | ||
| 038 | _aNusrat Nadeem | ||
| 082 | _a200 | ||
| 100 |
_aNOOR, HAMNA _9120248 |
||
| 245 |
_aCONSEQUENCES OF AN ABSENT FATHER ON CHILD DEVELOPMENT: A COMPARATIVE QUALITATIVE ANALYSIS OF CHILDERN OF OVERSEAS AND RESIDENT FATHERS/ _cHAMNA NOOR, |
||
| 264 |
_aIslamabad, _c2023. _bS3H NUST; |
||
| 300 |
_aill: _b262,p: _c30,cm. |
||
| 650 |
_aMS-Government and Public Policy _9125323 |
||
| 700 |
_aSUPERVISOR: Dr. UME LAILA _9120249 |
||
| 856 | _uhttp://10.250.8.41:8080/xmlui/handle/123456789/39060 | ||
| 942 |
_2ddc _cSC |
||
| 999 |
_c607630 _d607630 |
||